[Event "US-ch Open 2018"]
[Site "Saint Louis"]
[Date "2018.04.21"]
[Round "4"]
[White "Nakamura, Hikaru"]
[Black "Liang, Awonder"]
[Result "1/2-1/2"]
[WhiteElo "2787"]
[BlackElo "2552"]
[Annotator "TA"]
[PlyCount "63"]
[EventDate "2018.??.??"]
[EventType "tourn"]
[EventCountry "USA"]

{[%evp 25,63,-27,-27,-27,-23,-41,-18,-41,-37,-44,-32,-34,-39,-62,-35,-52,-57,-71,-63,-63,-61,-62,-62,-60,-23,-25,-20,-85,-24,-41,-2,-10,0,-1,0,-10,-10,-10,-10,-10]} 1. Nf3 Nf6 2. g3 e6 3. Bg2 Be7 4. O-O d5 5. d3 O-O 6. Nbd2 c5 7. e4 {[%cal Be2e4,Be4e5][%mdl 32]} Nc6 8. Re1 b5 9. e5 Nd7 10. Nf1 Bb7 11. h4 Qc7 12. Bf4 Rfc8 {C00: French: Unusual White 2nd moves} 13. Ne3 Qd8 {LiveBook: 4 Games} 14. c3 $1 (14. Ng4 Bf8 15. Bg5 Qe8 16. c3 h6 17. Bf4 a5 18. Qd2 b4 19. c4 Ne7 20. h5 {1-0 (59) Kuzubov,Y (2699)-Grischuk,A (2772) Riadh 2017}) 14... a5 {Black has an edge.} 15. Ng4 Bf8 16. h5 h6 17. Qd2 b4 18. c4 Ne7 19. Nh4 Ra7 $146 ({Predecessor:} 19... Rab8 20. Rac1 {1-0 (46) Praggnanandhaa,R (2517)-Kumar,N (2271) Stockholm 2017}) 20. Rad1 a4 21. Ne3 Nb6 22. Qe2 Kh8 23. Nf3 Nc6 24. Rc1 b3 25. axb3 axb3 26. Qd1 (26. cxd5 $11 {keeps the balance.} Nxd5 27. Nxd5 Qxd5 28. Nd2) 26... Nd4 (26... Nb4 $17 {White must now prevent ...dxc4.} 27. Qxb3 Bc6) 27. cxd5 $11 Nxd5 28. Nxd4 {[#] And now Nb5 would win.The position is equal.} Nxf4 29. gxf4 cxd4 30. Nc4 Bd5 31. Bxd5 exd5 32. Nd6 $1 {Precision: White = 56%, Black = 63%.} 1/2-1/2

[Event "US-ch Open 2018"]
[Site "Saint Louis"]
[Date "2018.04.21"]
[Round "4"]
[White "So, Wesley"]
[Black "Lenderman, Aleksandr"]
[Result "1/2-1/2"]
[WhiteElo "2786"]
[BlackElo "2599"]
[Annotator "TA"]
[PlyCount "92"]
[EventDate "2018.??.??"]
[EventType "tourn"]
[EventCountry "USA"]

{[%evp 14,92,15,0,0,-2,0,0,0,1,8,-16,0,0,1,-3,20,13,1,8,8,5,14,6,0,-6,0,0,56,0,93,45,41,74,67,8,0,0,0,0,0,0,0,0,14,16,14,19,25,15,20,15,15,14,36,27,22,12,35,48,47,46,77,77,77,77,85,77,85,84,93,8,23,34,56,0,0,0,0,0,0]} 1. Nf3 d5 2. e3 Nf6 {[%cal Bg8f6,Bf6d5,Bd5b4][%mdl 32]} 3. c4 e6 4. b3 Be7 5. Bb2 O-O 6. Nc3 c5 7. cxd5 Nxd5 8. Qc2 {LiveBook: 19 Games. A13: English Opening: 1...e6} Nb4 (8... b6 9. Nxd5 exd5 10. d4 Nc6 11. Be2 Be6 12. O-O Rc8 13. dxc5 bxc5 14. Rac1 Qb6 15. Rfd1 Rfd8 {1-0 (40) Karjakin,S (2763)-Kramnik,V (2800) Moscow 2018}) 9. Qe4 $146 ({Predecessor:} 9. Qb1 b6 10. a3 Nd5 11. Nxd5 exd5 12. d4 Nc6 13. Bb5 Bd7 14. O-O Nxd4 15. Nxd4 cxd4 16. Bxd7 Qxd7 17. Bxd4 {½-½ (46) Hou,Y (2654)-Bluebaum,M (2631) Karlsruhe/Baden-Baden 2018}) 9... f5 10. Qb1 N8c6 11. a3 Nd5 12. Qc2 b6 13. Nxd5 exd5 14. d4 Be6 15. Bb5 $36 {[%mdl 2048] White fights for an advantage.} Na5 16. Bc3 Nb7 17. O-O Nd6 18. Ba6 Ne4 19. Ne5 Bd6 20. Bb2 f4 (20... Qg5 $11) 21. f3 $14 Ng5 {[#]} (21... Ng3 $1 $11 22. Rfe1 (22. hxg3 fxg3 23. dxc5 Qh4 $17) 22... Nh5) 22. exf4 $1 $16 Rxf4 23. Rae1 $1 cxd4 24. Nd3 (24. Bc1 $14 Rh4 25. Qc6) 24... Rh4 $11 25. g3 Rh6 26. Bxd4 Bh3 ({Much weaker is} 26... Bxa3 $6 27. b4 $16) 27. Bb7 Bxf1 28. Kxf1 Rb8 29. Bxd5+ Kh8 {[#] Threatens to win with ...Bxg3!} 30. f4 Bc5 31. fxg5 Bxd4 32. gxh6 Qxd5 33. hxg7+ Bxg7 34. Nf2 $1 Rf8 35. Re4 Bd4 36. Rf4 Rxf4 37. gxf4 a5 38. a4 b5 39. axb5 {Hoping for Qd3.} Qxb5+ 40. Kg2 Qd5+ 41. Ne4 h6 42. Kg3 (42. Qd3 $16) 42... Qg8+ 43. Kf3 Qd5 44. h3 (44. Ke2 $14) 44... Qh5+ $1 {The position is equal.} 45. Kg3 $1 Qg6+ 46. Kf3 Qh5+ $1 {Precision: White = 67%, Black = 71%.} 1/2-1/2

[Event "US-ch Open 2018"]
[Site "Saint Louis"]
[Date "2018.04.21"]
[Round "4"]
[White "Robson, Ray"]
[Black "Shankland, Samuel"]
[Result "0-1"]
[WhiteElo "2660"]
[BlackElo "2671"]
[Annotator "TA"]
[PlyCount "88"]
[EventDate "2018.??.??"]
[EventType "tourn"]
[EventCountry "USA"]
[SourceTitle "playchess.com"]
[Source "ChessBase"]
[SourceQuality "1"]

{[%evp 18,88,45,19,22,3,33,30,30,21,28,25,30,20,31,22,11,-65,-62,-96,-99,-127,-127,-145,-136,-130,-125,-143,-133,-120,-131,-166,-152,-199,-210,-175,-193,-335,-331,-285,-282,-485,-477,-581,-270,-403,-379,-408,-391,-356,-342,-477,-481,-643,-654,-781,-719,-778,-771,-895,-889,-884,-874,-895,-852,-5335,-5289,-5508,-5712,-5414,-5293,-1821,-1204]} 1. e4 e5 2. Nf3 Nc6 3. Bb5 a6 4. Ba4 Nf6 5. O-O Nxe4 6. d4 b5 7. Bb3 d5 8. dxe5 Be6 9. c3 Be7 10. Bf4 {LiveBook: 4 Games} O-O {C83: Open Ruy Lopez: 9 c3 Be7} 11. Nd4 Nxd4 (11... Na5 12. f3 Nxb3 13. axb3 Nc5 14. b4 Nd7 15. Nc6 Qe8 16. Nd2 Bh4 17. Bg3 Bxg3 18. hxg3 {1-0 (44) Grischuk,A (2761)-Mamedyarov,S (2800) Paris 2017}) 12. cxd4 {Black must now prevent f3.} f6 {White has an edge.} 13. Nd2 fxe5 14. Bxe5 {[#] Nxe4 is the strong threat.} Nd6 $146 ({Predecessor:} 14... Nxd2 15. Qxd2 Bd6 16. f4 Bxe5 17. fxe5 Qe7 18. Qe3 Rxf1+ 19. Rxf1 {1-0 (29) Konyves,A (1691)-Dopita,B (2136) Brno 2017}) 15. Bc2 Qd7 16. Re1 Nc4 17. Nf3 (17. Nxc4 $11 bxc4 18. Re2) 17... Bg4 $15 {[%cal Be6g4,Bg4f3,Bf3d5][%mdl 32]} 18. Qd3 g6 19. b3 Bxf3 $1 20. bxc4 dxc4 $40 {[%mdl 128] Black goes for the king.} 21. Qe3 Bd5 22. Qg3 {And now Bxg6! would win.} Bf6 23. h4 Qg7 24. Re3 c6 25. Rae1 {[#]} Qh6 $1 26. Bxf6 Rxf6 27. Re8+ (27. f3 {is a better defense.}) 27... Rxe8 $19 28. Rxe8+ Kf7 ({Weaker is} 28... Rf8 29. Rxf8+ Kxf8 30. Qd6+ Kf7 31. Qd7+ Kf8 32. Qd6+ Ke8 33. Qb8+ Kf7 34. Qc7+ Ke6 35. Qc8+ Kf6 36. Qd8+ Kf7 37. Qd7+ Kg8 38. Qe8+ Kg7 39. Qe5+ Kf7 40. Qc7+ Ke6 41. Qc8+ Kf6 42. Qd8+ Kg7 43. Qe7+ Bf7 44. Qe5+ Kg8 45. Qb8+ Qf8 46. Qg3 $17) 29. Qe5 $2 (29. Ra8 {was called for.} Qc1+ 30. Kh2) 29... Qc1+ 30. Bd1 {[%csl Ge8][%cal Re5e7]} Kg7 (30... Qxd1+ $142 31. Kh2 Re6 32. Rxe6 Bxe6 33. Qf4+ Ke8 34. Qb8+ Ke7 35. Qc7+ Bd7 36. Qe5+ Kd8 37. Qb8+ Bc8 38. Qd6+ Ke8 39. Qxc6+ Bd7 40. Qe4+ Kd8 41. Qa8+ Ke7 42. Qe4+ Be6 43. Qb7+ Bd7 44. Qe4+ Be6 45. Qb7+ Kf6) 31. Qe7+ (31. Re7+ $142 Bf7 32. Qe2) 31... Rf7 32. Qe5+ Kh6 33. Qe1 Qf4 34. g4 Kg7 {Black is clearly winning.} 35. g5 c3 {Strongly threatening ...c2.} 36. Qe5+ Qxe5 37. dxe5 {[%mdl 4096] Endgame KRB-KRB} Rd7 38. h5 gxh5 {Threatens to win with ...Bf7.} 39. Bc2 Bf7 40. Rc8 Rd2 41. Rc7 Rxc2 42. e6 Re2 43. Rxf7+ Kg6 44. Kf1 Rxe6 {Precision: White = 33%, Black = 85%.} 0-1

[Event "US-ch Open 2018"]
[Site "Saint Louis"]
[Date "2018.04.21"]
[Round "4"]
[White "Akobian, Varuzhan"]
[Black "Xiong, Jeffery"]
[Result "1/2-1/2"]
[WhiteElo "2647"]
[BlackElo "2665"]
[Annotator "TA"]
[PlyCount "96"]
[EventDate "2018.??.??"]
[EventType "tourn"]
[EventCountry "USA"]
[SourceTitle "playchess.com"]
[Source "ChessBase"]
[SourceQuality "1"]

{[%evp 27,96,6,11,0,9,0,0,0,0,0,0,0,0,7,8,8,25,24,74,66,64,59,65,53,67,34,44,48,69,67,111,125,125,78,110,116,285,91,110,0,0,0,0,0,0,0,0,19,37,0,0,0,0,0,0,0,0,0,0,0,0,0,0,0,0,0,0,0,0,0,0]} 1. d4 Nf6 2. c4 g6 3. Nc3 d5 4. Bf4 Bg7 5. e3 O-O 6. Rc1 c5 7. dxc5 Be6 8. Nf3 Nc6 9. Be2 Ne4 10. Nd4 Nxd4 {D83: Grünfeld: 4 Bf4 Bg7 5 e3 0-0} 11. exd4 Nxc3 12. bxc3 dxc4 13. Bf3 (13. O-O Bd5 14. Qa4 Qe8 15. Qb4 a5 16. Qa3 e5 17. dxe5 Bxe5 18. Be3 {0-1 (82) Inarkiev,E (2689)-Salem,A (2638) Riadh 2017}) 13... Bd5 14. O-O Qd7 {LiveBook: 6 Games} 15. Re1 (15. Rb1 {is interesting.} b6 16. Rb4 Rfe8 17. Bxd5 Qxd5 18. cxb6 axb6 19. a4) 15... b6 16. Rxe7 Qxe7 17. Bxd5 bxc5 $146 ({Predecessor:} 17... Rad8 18. Bd6 {½-½ (39) Palm,H-Hollis,A ICCF corr 1982}) 18. Bxa8 ({Reject} 18. Bxc4 Rad8 $17) 18... Rxa8 19. d5 {[%cal Bd4d5,Bd5d6][%mdl 32]} Rd8 20. Qf3 h6 21. h3 f5 22. d6 $36 {[%mdl 2048] Black is under pressure.} Qe6 23. h4 g5 24. hxg5 hxg5 25. Bxg5 Rxd6 26. Qa8+ Kh7 27. Qxa7 Rd3 28. Qxc5 Rxc3 29. Rxc3 Bxc3 30. Be3 Qe4 31. a4 Be5 $2 (31... Kg6 $16) 32. g3 $2 (32. Qe7+ $18 {and the rest is easy.} Kg6 33. Qe8+ Kf6 34. Qf8+ Ke6 35. g3) 32... Kg6 {[#]} 33. Qb6+ (33. Qc8 $1 $16 {Hoping for a5.} Kf7 34. Qd7+ Kf6 35. a5) 33... Kf7 $11 34. Qa7+ Ke6 35. Qb6+ Kf7 36. a5 f4 37. gxf4 Bxf4 38. a6 {[#] Threatens to win with a7.} Bxe3 $1 {The position is equal.} 39. fxe3 {[%mdl 4096] Endgame Qb7+ is the strong threat. KQ-KQ} c3 40. Qc7+ Ke6 41. Qc8+ ({Resist} 41. Qxc3 Qb1+ 42. Kh2 Qa2+ 43. Kg3 Qxa6 $14) 41... Ke7 42. Qxc3 (42. Qc5+ {keeps more tension.} Kd7 43. a7 c2 44. Kf2 c1=R 45. Qxc1) 42... Qg6+ 43. Kf2 Qxa6 44. Qe5+ Kf7 45. Kg3 Qg6+ 46. Kf3 Qc6+ 47. e4 Qf6+ 48. Qxf6+ Kxf6 {Precision: White = 41%, Black = 64%.} 1/2-1/2

[Event "US-ch Open 2018"]
[Site "Saint Louis"]
[Date "2018.04.21"]
[Round "4"]
[White "Zherebukh, Yaroslav"]
[Black "Onischuk, Alexander"]
[Result "1/2-1/2"]
[WhiteElo "2640"]
[BlackElo "2672"]
[Annotator "TA"]
[PlyCount "59"]
[EventDate "2018.??.??"]
[EventType "tourn"]
[EventCountry "USA"]
[SourceTitle "playchess.com"]
[Source "ChessBase"]
[SourceQuality "1"]

{[%evp 24,59,18,16,17,5,35,8,6,8,18,16,16,16,16,16,16,16,18,18,21,18,25,29,27,24,44,31,31,5,18,0,0,0,19,0,4,0]} 1. d4 Nf6 2. c4 e6 3. g3 d5 4. Nf3 Be7 5. Bg2 O-O 6. O-O dxc4 7. Qc2 a6 8. a4 Bd7 9. Rd1 {E05: Open Catalan: 5 Nf3 Be7} Bc6 10. Bg5 Nbd7 11. Nbd2 h6 12. Bxf6 Nxf6 13. Nxc4 {LiveBook: 7 Games} Be4 14. Qc1 {[#]} Bd6 $146 ({Predecessor:} 14... a5 15. Nfe5 Bxg2 16. Kxg2 c6 {1-0 (52) Gelfand,B (2724)-Harikrishna,P (2750) Moscow 2017}) 15. Nfd2 Bxg2 16. Kxg2 Bb4 17. Nf3 Qe7 18. Nce5 c5 19. Nd3 {[%cal Rd4c5]} cxd4 20. Nxb4 Qxb4 21. Rxd4 Qb6 22. a5 Qb5 23. Rc4 Rfd8 24. Qc2 b6 25. axb6 Qxb6 26. Rc6 Qb5 {The position is equal.} 27. Rc5 Qb6 28. Rc6 Qb5 29. Rc5 Qb6 30. Rc6 {Precision: White = 58%, Black = 69%.} 1/2-1/2

[Event "US-ch Open 2018"]
[Site "Saint Louis"]
[Date "2018.04.22"]
[Round "5"]
[White "Onischuk, Alexander"]
[Black "Robson, Ray"]
[Result "1/2-1/2"]
[WhiteElo "2672"]
[BlackElo "2660"]
[Annotator "TA"]
[PlyCount "101"]
[EventDate "2018.??.??"]
[EventType "tourn"]
[EventCountry "USA"]
[SourceTitle "playchess.com"]
[Source "ChessBase"]
[SourceQuality "1"]

{[%evp 25,101,13,13,10,10,7,16,16,16,16,16,16,16,16,10,8,8,10,8,8,33,31,32,16,29,29,31,26,40,22,22,22,27,27,29,29,60,60,60,60,60,60,60,60,68,21,22,20,20,20,22,18,18,19,33,29,41,41,41,42,44,43,44,10,10,10,10,10,10,8,8,8,13,0,0,0,0,0]} 1. d4 Nf6 2. c4 g6 3. Nc3 d5 4. cxd5 Nxd5 5. e4 Nxc3 6. bxc3 Bg7 7. Nf3 c5 8. Be3 Qa5 9. Qd2 Nc6 10. Rb1 cxd4 {D85: Exchange Grünfeld: Unusual White 7th moves and lines with 7 Nf3} 11. cxd4 O-O 12. Qxa5 Nxa5 13. Bd3 Bg4 {LiveBook: 5 Games} 14. h3 Bxf3 $1 15. gxf3 Rfd8 16. d5 e6 $1 17. Bg5 {[#]} f6 $146 ({Find the theoretical novelty and annotate with similar games:} 17... Bc3+ 18. Ke2 {½-½ (37) Socko,B (2584)-Swiercz,D (2655) Civitanova Marche 2016}) 18. Bd2 b6 19. Bxa5 bxa5 20. Bc4 Rac8 21. Bb3 exd5 22. Bxd5+ Kf8 23. O-O {Threatens to win with Rb7.} Rc7 24. Rb5 f5 25. Rxa5 Bd4 26. Rb5 Kg7 27. Rd1 Bb6 28. Rd2 Rc3 29. Kg2 Kf6 30. Re2 Rdc8 31. Bb3 R8c5 32. e5+ Ke7 33. Rxc5 Rxc5 $14 {[%mdl 4096] Endgame KRB-KRB} 34. f4 Rc7 35. h4 Rd7 36. Rc2 Rd4 37. Kg3 Rd3+ 38. f3 Ba5 39. Rc8 Be1+ 40. Kg2 Rd8 41. Rc1 Bd2 42. Rc4 Be3 43. h5 gxh5 44. Rc7+ Rd7 {The position is equal.} 45. Rc6 Rd2+ 46. Kf1 Rf2+ 47. Ke1 {[#] Hoping for e6.} Rxf3 48. Ke2 Rg3 49. Rf6 Bxf4 50. Rxf5 Bg5 51. Rf7+ {Precision: White = 79%, Black = 77%.} 1/2-1/2

[Event "US-ch Open 2018"]
[Site "Saint Louis"]
[Date "2018.04.22"]
[Round "5"]
[White "Shankland, Samuel"]
[Black "Caruana, Fabiano"]
[Result "1/2-1/2"]
[WhiteElo "2671"]
[BlackElo "2804"]
[Annotator "TA"]
[PlyCount "87"]
[EventDate "2018.??.??"]
[EventType "tourn"]
[EventCountry "USA"]
[SourceTitle "playchess.com"]
[Source "ChessBase"]
[SourceQuality "1"]

{[%evp 14,87,13,15,69,69,68,69,67,68,65,72,90,69,64,69,63,65,109,102,116,108,110,115,109,108,104,72,105,95,107,114,124,120,120,101,110,111,106,85,98,65,56,55,49,32,33,33,36,36,39,38,35,36,37,40,84,84,84,81,89,89,93,93,95,95,119,23,23,22,66,67,59,45,40,8]} 1. d4 d5 2. c4 dxc4 3. Nf3 Nf6 4. e3 e6 5. Bxc4 c5 6. O-O a6 7. a4 cxd4 8. exd4 {LiveBook: 52 Games} g6 $146 {D27: Queen's Gambit Accepted: Classical main line: 7 e4!? and 7 a4} (8... Nc6 $11) ({Predecessor:} 8... Nc6 9. Nc3 Be7 10. Re1 O-O 11. h4 Nb4 12. Ne5 Nc6 13. Be3 Qc7 14. Bf4 Bd6 15. Rc1 Rd8 16. Bd3 Bd7 17. Bg5 Nxe5 18. dxe5 Bxe5 {1-0 (91) Jobava,B (2664)-Ivanchuk,V (2786) Dresden 2008}) 9. Nc3 $14 {And now d5 would win.} Bg7 $1 10. d5 exd5 11. Re1+ Be6 12. Nxd5 $1 Nxd5 13. Bxd5 (13. Ng5 {with more complications.} Nc7 14. Bxe6 fxe6 15. Nxe6 Qxd1 16. Nxg7+ Kf8 17. Rxd1 Kxg7 18. Bf4) 13... O-O $1 14. Bxe6 fxe6 15. Qe2 Qd5 16. Rd1 Qf5 {[#]} 17. Ng5 $1 {[%cal Rg5e6]} Nc6 {White must now prevent ...Nd4.} 18. Qxe6+ Kh8 19. Qxf5 Rxf5 20. Ne6 Be5 21. Be3 Re8 22. Nc5 Bf4 23. Bxf4 Rxf4 24. f3 Rb4 25. Rd2 Re7 26. Kf1 a5 27. Re1 (27. Rc1 {seems wilder.} Nd4 28. Rd3 Rc7 29. Rcc3 Rc6 30. Rd2) 27... Rxe1+ $1 28. Kxe1 {[%mdl 4096] Endgame KRN-KRN} Kg8 29. b3 b6 $1 {[%cal Rb6c5]} 30. Rd6 {[#] Strongly threatening Na6.} Ne7 31. Nd7 Rxb3 32. Rxb6 Ra3 33. Nc5 Ra2 34. Re6 Nd5 35. Re2 Ra1+ 36. Kf2 Nc3 37. Re8+ Kf7 38. Ra8 Ra2+ 39. Kg3 g5 40. Kg4 (40. Kh3 $16) 40... Rxg2+ $11 41. Kf5 {Threatens to win with Ra7+.} Rxh2 42. Ra7+ {White is slightly better.} Ke8 43. Rxa5 Rf2 44. Kxg5 {Precision: White = 68%, Black = 62%.} (44. Ke6 $5 {[%cal Ra5a8]} Kd8 45. Ra7 $16) 1/2-1/2

[Event "US-ch Open 2018"]
[Site "Saint Louis"]
[Date "2018.04.22"]
[Round "5"]
[White "Xiong, Jeffery"]
[Black "So, Wesley"]
[Result "1/2-1/2"]
[WhiteElo "2665"]
[BlackElo "2786"]
[Annotator "TA"]
[PlyCount "44"]
[EventDate "2018.??.??"]
[EventType "tourn"]
[EventCountry "USA"]
[SourceTitle "playchess.com"]
[Source "ChessBase"]
[SourceQuality "1"]

{[%evp 24,44,16,15,17,0,4,14,14,0,0,0,0,0,0,0,0,0,0,0,0,0,0]} 1. d4 Nf6 2. Nf3 d5 3. c4 e6 4. g3 Be7 5. Bg2 O-O 6. O-O dxc4 7. Qc2 a6 8. a4 Bd7 9. Qxc4 Bc6 10. Bg5 h6 {E05: Open Catalan: 5 Nf3 Be7} 11. Bxf6 Bxf6 12. Rd1 a5 13. Nc3 {[#] LiveBook: 7 Games. The position is equal.} Bd5 $146 ({Predecessor:} 13... Bxf3 14. Bxf3 c6 15. h4 Nd7 16. e3 Ra6 17. Rab1 Be7 18. Be4 {½-½ (53) Inarkiev,E (2660)-Kasimdzhanov,R (2704) Berlin 2015}) 14. Qb5 Ra6 15. Nxd5 exd5 16. Ne5 c6 $1 {[%cal Rc6b5]} 17. Qxb7 Rb6 18. Qa7 Be7 $1 19. Nd3 Ra6 $1 {[%cal Ra6a7]} 20. Qb7 Rb6 21. Qa7 Ra6 $1 {[%cal Ra6a7]} 22. Qb7 Rb6 1/2-1/2

[Event "US-ch Open 2018"]
[Site "Saint Louis"]
[Date "2018.04.22"]
[Round "5"]
[White "Izoria, Zviad"]
[Black "Akobian, Varuzhan"]
[Result "1/2-1/2"]
[WhiteElo "2599"]
[BlackElo "2647"]
[Annotator "TA"]
[PlyCount "104"]
[EventDate "2018.??.??"]
[EventType "tourn"]
[EventCountry "USA"]
[SourceTitle "playchess.com"]
[Source "ChessBase"]
[SourceQuality "1"]

{[%evp 18,104,12,0,8,7,16,0,0,3,56,41,62,43,41,23,28,28,39,44,40,42,50,41,36,43,77,31,38,17,23,20,31,0,0,0,0,0,0,0,0,0,0,0,0,0,0,0,0,0,0,0,0,0,0,0,0,0,0,0,0,0,0,0,0,0,0,0,0,0,0,0,-8,-8,-8,-8,0,0,-7,-7,0,-7,0,-7,-21,-21,0,-21,0]} 1. c4 e5 2. Nc3 Nf6 3. Nf3 Nc6 4. g3 Bb4 5. Bg2 O-O 6. O-O d6 7. Nd5 Bc5 8. e3 Bg4 9. h3 {A29: English Opening: Four Knights Variation with 4 g3} Bh5 10. d3 {LiveBook: 10 Games} Nxd5 (10... a5 11. Nc3 h6 12. b3 Re8 13. Bb2 Qd7 14. a3 Ba7 15. Kh2 Nd8 16. Ne2 Bxf3 17. Bxf3 {½-½ (123) Inarkiev,E (2693)-Efimenko,Z (2636) Antalya 2017}) 11. cxd5 Ne7 12. g4 Bg6 13. d4 exd4 (13... Bb6 $11) 14. Nxd4 $14 Qd7 15. e4 c6 16. dxc6 bxc6 {[#]} 17. Nf5 $146 Rad8 18. Qc2 Bxf5 19. exf5 Bd4 20. Rb1 c5 21. b4 Nc6 22. bxc5 dxc5 23. Bf4 Nb4 24. Qc4 Nd5 25. Bxd5 (25. Bg5 {is more complex.} Nb6 26. Qa6 Rb8 27. Bf4 Rbc8 28. a4) 25... Qxd5 {The position is equal.} 26. Qxd5 Rxd5 27. Rb7 c4 28. Rc1 c3 29. Be3 Bxe3 30. fxe3 $11 {[%mdl 4096] Endgame KRR-KRR} Rd2 {[#] Strongly threatening ...c2.} 31. Rxc3 Rxa2 32. Rbc7 f6 33. Rc8 a5 {[%cal Ba7a5,Ba5a4,Ba4a3][%mdl 32]} (33... h6 {with more complications.} 34. Rxf8+ Kxf8 35. Rc8+ Kf7 36. Rc7+ Kg8) 34. Rxf8+ Kxf8 {KR-KR} 35. Rc7 a4 36. Ra7 a3 37. h4 h6 38. g5 hxg5 39. hxg5 fxg5 40. e4 Re2 {[#] aiming for ...a2.} 41. Rxa3 Rxe4 42. Kg2 Kf7 43. Ra6 $1 Re5 44. Kg3 Rxf5 45. Kg4 Re5 46. Rb6 g6 47. Ra6 Kg7 48. Ra8 Kh6 49. Rh8+ Kg7 50. Ra8 Kf6 51. Rf8+ Kg7 52. Ra8 Kf6 {Precision: White = 81%, Black = 48%.} 1/2-1/2

[Event "US-ch Open 2018"]
[Site "Saint Louis"]
[Date "2018.04.22"]
[Round "5"]
[White "Lenderman, Aleksandr"]
[Black "Nakamura, Hikaru"]
[Result "1/2-1/2"]
[WhiteElo "2599"]
[BlackElo "2787"]
[Annotator "TA"]
[PlyCount "81"]
[EventDate "2018.??.??"]
[EventType "tourn"]
[EventCountry "USA"]
[SourceTitle "playchess.com"]
[Source "ChessBase"]
[SourceQuality "1"]

{[%evp 32,81,52,50,51,52,63,37,30,17,34,0,18,0,0,0,54,35,19,60,43,55,79,40,41,18,28,33,27,19,83,14,10,10,12,10,24,10,11,1,4,0,0,0,0,0,0,0,0,0,0,0]} 1. Nf3 Nf6 2. c4 g6 3. Nc3 Bg7 4. e4 d6 5. d4 O-O 6. Be2 e5 7. O-O Nc6 8. d5 Ne7 9. Ne1 Nd7 10. Be3 f5 11. f3 f4 12. Bf2 g5 13. Nd3 Nf6 14. c5 Ng6 15. Rc1 Rf7 16. Kh1 {E99: King's Indian: Classical Main Line: 9 Ne1 Nd7 10 f3 f5} Bf8 (16... h5 17. cxd6 cxd6 18. Nb5 a6 19. Na3 b5 20. Rc6 g4 21. Qc2 Qf8 22. Rc1 Bd7 23. Rc7 Bh6 {0-1 (39) So,W (2779)-Nakamura,H (2814) Saint Louis 2015}) 17. Rg1 {LiveBook: 4 Games} Rg7 18. b4 {White is slightly better.} h5 19. Qd2 g4 20. g3 fxg3 21. Rxg3 a5 $1 22. a3 $146 ({Find the theoretical novelty and annotate with similar games:} 22. cxd6 cxd6 23. bxa5 Rxa5 {½-½ (93) Kozlov,V (2405)-Ruiz Jarabo Pelayo,F (2290) ICCF email 2015}) 22... axb4 23. axb4 c6 (23... Be7 $11) 24. dxc6 bxc6 25. cxd6 Qxd6 26. Bc5 Qd8 27. Bxf8 Qxf8 28. fxg4 Bxg4 29. h3 Bxe2 30. Qxe2 {[#] Threatens to win with Rcg1.} Raa7 (30... h4 $11 31. Rg5 Qd6) 31. Rf1 (31. Qe3 $16 {aiming for Rcg1.} Ra3 32. Nb1 Rxd3 33. Qxd3) 31... Nf4 $11 32. Rxg7+ Rxg7 33. Nxf4 exf4 34. Qc4+ Qf7 {The position is equal.} 35. Qxf7+ Kxf7 36. Rxf4 {KRN-KRN} Rg3 37. Kh2 Rxc3 38. e5 Ke6 39. exf6 {[#] f7 is the strong threat.} Kf7 40. h4 c5 41. bxc5 {Precision: White = 51%, Black = 70%.} 1/2-1/2

[Event "US-ch Open 2018"]
[Site "Saint Louis"]
[Date "2018.04.22"]
[Round "5"]
[White "Liang, Awonder"]
[Black "Zherebukh, Yaroslav"]
[Result "1/2-1/2"]
[WhiteElo "2552"]
[BlackElo "2640"]
[Annotator "TA"]
[PlyCount "60"]
[EventDate "2018.??.??"]
[EventType "tourn"]
[EventCountry "USA"]
[SourceTitle "playchess.com"]
[Source "ChessBase"]
[SourceQuality "1"]

{[%evp 20,60,62,80,66,73,65,0,0,0,0,0,0,0,0,0,0,0,0,0,0,0,0,0,0,0,0,0,0,0,0,0,0,0,0,0,0,0,0,0,0,0,0]} 1. e4 e5 2. Nf3 Nf6 3. Nc3 Nc6 4. Bb5 Nd4 5. Bc4 Bc5 6. Nxe5 Qe7 {C48: Four Knights: 4 Bb5, replies other than 4...Bb4} 7. Nf3 d5 8. Bxd5 Bg4 9. d3 O-O-O 10. Be3 Nxd5 11. Nxd5 {LiveBook: 9 Games} Rxd5 12. exd5 Re8 {[#] Strongly threatening ...Qf6.} 13. c3 (13. O-O $14 Bxf3 14. gxf3) 13... Nxf3+ $11 {The position is equal.} 14. gxf3 {[#]} Qh4 $146 15. Kd2 {[%cal Be1d2,Bd2c1,Bc1b1,Bb1a2][%mdl 32]} (15. fxg4 $2 Rxe3+ 16. Kd2 Qxf2+ 17. Kc1 Re2 $19) 15... Rxe3 $1 16. fxe3 Qf2+ 17. Kc1 Bxe3+ 18. Kb1 Bxf3 19. Qe1 ({Avoid the trap} 19. Qa4 $2 Kd8 $19) 19... Bxh1 20. Qxh1 {[%mdl 4096] [#] Endgame Black must now prevent Qe4. KQR-KQB} Qe2 $1 {[%cal Re2d3]} 21. a4 {Hoping for Qe4.} Qxd3+ 22. Ka2 Qc4+ 23. Kb1 $1 Qd3+ 24. Ka2 Qc4+ 25. Kb1 $1 Qd3+ 26. Ka2 Qc4+ 27. Kb1 $1 Qd3+ 28. Ka2 Qc4+ 29. Kb1 $1 Qd3+ 30. Ka2 Qc4+ 1/2-1/2